| 000 | 01045nam a22003137a 4500 | ||
|---|---|---|---|
| 008 | 131127b xxu||||| |||| 00| 0 eng d | ||
| 020 | _a8683767027 | ||
| 041 | 0 | _aeng | |
| 080 |
_a331.56 _x(497) |
||
| 100 | _aPfaller, Alfred ; Janeska, Verica ; Foco, Salih ; | ||
| 245 |
_aEmployment and labour-market policy in South Eastern Europe / _cauthors, Alfred Pfaller ... [et al.]. |
||
| 260 |
_aBelgrade : _bFriedrich Ebert Stiftung, Regional Office Belgrad, _c2002. |
||
| 300 |
_a233 f . : _bme ill . ; _c30 cm. |
||
| 500 | _aPreface : f. [I-II] | ||
| 505 | _aReferences : f. 230 | ||
| 650 | 0 |
_aPunësimi _zGadishulli Ballkanik |
|
| 650 | 0 |
_aTregu i punës _zGadishulli Ballkanik |
|
| 700 | _aPfaller, Alfred; | ||
| 700 | _aJaneska, Verica ; | ||
| 700 | _aFoco, Salih ; | ||
| 700 | _aArandarenko, Miahil ; | ||
| 700 | _aSisevic, Bozidar ; | ||
| 700 | _aBarjaba, Kosta ; | ||
| 700 | _aBejakovic, Predrag ; | ||
| 700 | _aRoncevic, Borut ; | ||
| 700 | _aBojadziev, Vladimir ; | ||
| 700 | _aOneasca, Julien ; | ||
| 942 |
_2udc _cBK |
||
| 999 |
_c370 _d370 |
||